Normal view
MARC view
Entry Corporate Name
001 - CONTROL NUMBER
- control field: 22084
003 - CONTROL NUMBER IDENTIFIER
- control field: AR-FvUNAJ
005 - DATE AND TIME OF LATEST TRANSACTION
- control field: 20260205150342.0
008 - FIXED-LENGTH DATA ELEMENTS
- fixed length control field: 260205|| aca||aabn | a|a d
040 ## - CATALOGING SOURCE
- Original cataloging agency: AR-FvUNAJ
110 ## - HEADING--CORPORATE NAME
- Corporate name or jurisdiction name as entry element: México. Secretaría de Ciencia, Humanidades, Tecnología e Innovación